000
00247nam a2200097Ia 4500
001
647548
005
20250826153704.0
008
250824s9999 xx 000 0 und d
245
0
_a
Gelincik Diz/Küskün Ayıcık
_c
Gülten Dayıoğlu
260
_b
ALTIN
999
_c
647548
_d
647548